|
|
|
|
| LEADER |
01251nab a2200349 i 4500 |
| 001 |
publ20097 |
| 005 |
20201218091926.0 |
| 008 |
201218s2020 hu o 0|| zxx d |
| 022 |
|
|
|a 1420-3049
|
| 024 |
7 |
|
|a 10.3390/molecules25215130
|2 doi
|
| 024 |
7 |
|
|a 31650647
|2 mtmt
|
| 040 |
|
|
|a SZTE Publicatio Repozitórium
|b hun
|
| 041 |
|
|
|a zxx
|
| 100 |
1 |
|
|a Racoviceanu Roxana Marcela
|
| 245 |
1 |
0 |
|a Solid Polymeric Nanoparticles of Albendazole
|h [elektronikus dokumentum] :
|b Synthesis, Physico-Chemical Characterization and Biological Activity /
|c Racoviceanu Roxana Marcela
|
| 260 |
|
|
|c 2020
|
| 300 |
|
|
|a Azonosító: 5130-Terjedelem: 23 p
|
| 490 |
0 |
|
|a MOLECULES
|v 25 No. 21
|
| 700 |
0 |
1 |
|a Trandafirescu Cristina
|e aut
|
| 700 |
0 |
1 |
|a Voicu Mirela
|e aut
|
| 700 |
0 |
1 |
|a Ghiulai Roxana
|e aut
|
| 700 |
0 |
1 |
|a Borcan Florin
|e aut
|
| 700 |
0 |
1 |
|a Dehelean Cristina
|e aut
|
| 700 |
0 |
1 |
|a Watz Claudia
|e aut
|
| 700 |
0 |
1 |
|a Aigner Zoltán
|e aut
|
| 700 |
0 |
1 |
|a Ambrus Rita
|e aut
|
| 700 |
0 |
1 |
|a Coricovac Coricovac Elena
|e aut
|
| 700 |
0 |
1 |
|a Cîrcioban Denisa
|e aut
|
| 700 |
0 |
1 |
|a Mioc Alexandra
|e aut
|
| 700 |
0 |
1 |
|a Szuhanek Camelia Alexandrina
|e aut
|
| 700 |
0 |
1 |
|a Şoica Codruta Marinela
|e aut
|
| 856 |
4 |
0 |
|u http://publicatio.bibl.u-szeged.hu/20097/1/Molecules.pdf
|z Dokumentum-elérés
|